000 00299 a2200121 4500
005 20250628174256.0
020 _a978-0-85732- 145-9
100 _aACCA
245 _aAdvanced Financial Management
260 _aBritain
_bKaplan
_c2010
300 _axxx, 622p.: ill; Table
_bIndex
_c29cm
942 _2ddc
_cBKS
999 _c6144
_d6144